Integrated Marketing Communication : Creative Strategy : From Idea to Implementation /

Guardado en:
Detalles Bibliográficos
Autor principal: Blakeman, Robyn (autor)
Formato: Libro
Idioma:Inglés
Publicado: Lanham, EUA : Rowman and Littlefield, 2007, c2007
Temas:
Etiquetas: Agrega una etiqueta
Sin etiquetas, Sé el primero en etiquetar este registro!

MARC

LEADER 00000nam^a2200000^a^4500
001 000331181
005 20250521000000.0
008 130529 20072007
009 20260310114026.117
020 |a 978-0-7425-2964-9 
037 |a Acervo ITESO - Biblioteca 
041 |a ING 
082 |a 658. 8  |b BLA 
100 |a Blakeman, Robyn  |e (autor) 
245 1 0 |a Integrated Marketing Communication :  |b Creative Strategy : From Idea to Implementation /  |c R. Blakeman. 
264 4 |a Lanham, EUA :  |b Rowman and Littlefield,  |c 2007, c2007 
300 |a VIII, 267 p. 
336 |a texto  |b txt  |2 rdacontenido 
337 |a sin mediación  |b n  |2 rdamedio 
338 |a volumen  |b nc  |2 rdasoporte 
521 |a 2013 BO Licenciatura en Mercadotecnia 
649 |a XX 
650 |a Planeación Estratégica 
650 |a Planeación Administrativa 
650 |a Estrategia Mercadotécnica 
650 |a Posicionamiento del Producto 
650 |a Campañas Publicitarias 
650 |a Publicidad Impresa 
650 |a Publicidad en Radio 
650 |a Publicidad en Televisión 
650 |a Publicidad en Internet 
650 |a Publicidad 
650 |a Relaciones Públicas 
650 |a Mercadotecnia -  |x Tema Principal 
650 |a Comunicación Organizacional -  |x Tema Principal 
650 |a Ciencias Administrativas 
910 |a Fondo General 
920 |a Impresos - Libros 
930 |a Colección General 
905 |a 101 
901 |a 0500220582  |b IT1  |c ACC  |i C136816  |u 20250521 
901 |a 0500220879  |b IT1  |c ACC  |i C136815  |u 20250521 
902 |a https://opac.biblio.iteso.mx/vufind/Record/000331181